A la Comisión Política de "Vanguardia Popular"

محفوظ في:
التفاصيل البيبلوغرافية
المؤلف الرئيسي: Mora Valverde, Manuel
التنسيق: نص
منشور في: San José :
الوسوم: إضافة وسم
لا توجد وسوم, كن أول من يضع وسما على هذه التسجيلة!

MARC

LEADER 00000 a a2200000 04500
001 14261
003
040
090 |a 023300  
100 |a Mora Valverde, Manuel  
245 |a A la Comisión Política de "Vanguardia Popular"  
260 |a San José :  
300 |a 14 p.  
999 |c 3654  |d 3654